000 01011pam a2200301 a 4500
999 _c4463
_d4463
001 1507697
003 GZU
005 20210316101114.0
008 890412s1989 enka b 001 0 eng
010 _a 89009694
020 _a0521333598
020 _a0521336414 (pbk.)
040 _aDLC
_cDLC
_dDLC
050 0 0 _aP40.5
_bCOO 1989
082 0 0 _a306.4/49
_220
100 1 _aCooper, Robert Leon,
_d1931-
245 1 0 _aLanguage planning and social change /
_cRobert L. Cooper.
260 _aCambridge ;
_aNew York :
_bCambridge University Press,
_c1989.
300 _aviii, 216 p. :
_bill. ;
_c24 cm.
500 _aIncludes index.
504 _aBibliography: p. 187-204.
650 0 _aLanguage planning.
650 0 _aSocial change.
856 4 1 _3Table of contents
_uhttp://www.loc.gov/catdir/toc/cam023/89009694.html
856 4 2 _3Publisher description
_uhttp://www.loc.gov/catdir/description/cam023/89009694.html
906 _a7
_bcbc
_corignew
_d1
_eocip
_f19
_gy-gencatlg
942 _2lcc
_cBK
_h40.5
_iCOO
_kP